000 00875nam a2200217 i 4500
001 41048
003 ES-MaACL
005 20250824090218.0
007 t|
008 030307s1878 sp ||||1| spa d
100 1 _aCarmena y Millán, Luis.
_935325
245 1 0 _aCrónica de la ópera italiana en Madrid desde el año 1738 hasta nuestros días /
_cpor Luis Carmena y Millán con un prólogo histórico de Francisco Asenjo Barieri.
260 _aMadrid :
_b[s.n.],
_c1878 (
_fMinuesa de los Ríos)
300 _aLX, 451 p. 1 lám., 1 plan. ;
_c25 cm.
530 _aDisponible en formato digital.
650 4 _aÓpera-
_zItalia-
_vHistoria.
_9161877
700 1 _aBarbieri, Francisco A.,
_d1823-1894
_925463
852 _aES-MaACL
_jF-10410
856 _uhttp://bdh-rd.bne.es/viewer.vm?id=0000061193&page=1
_zBiblioteca Digital Hispánica
999 _c41048
_d41048